000 01140nam a22003257a 4500
001 0039958
003 KOHA_MİRAKIL
005 20260207003146.0
007 ta
008 130412b2008 tu a|||grd|||#0|||1|tur |
020 _a9752978045
040 _aTR-BiSEU
_btur
_cTR-BiSEU
_erda
041 0 _atur
044 _ctu
050 _aPL191
_b.K87 2008
100 1 _aBademcioğlu, Şinasi.
245 1 _aİngilizce-Türkçe kelime ezberleten 12 tekrarlı kurgusal sözlük :
_b ÜDS, YDS,KPDS VE TOEFL sınavlaarına hazırlananlar için/
_cŞinasi Bademcioğlu ; Şinasi Bademcioğlu.
264 1 _aİstanbul :
_bAlfa Yayınları
_c2008
300 _a593 sayfa :
_bresimli; 22 cm
336 _ametin
_btxt
_2rdacontent
337 _aaracısız
_bn
_2rdamedia
338 _acilt
_bnc
_2rdacarrier
490 1 _aAlfa Yayınları ;
_v Sözlük ;
_v1737 41
650 0 _aİngiliz dili--Ansiklopediler ve sözlükler.
_974126
650 0 _aİngiliz dil egitim ve öğretim.
_974127
650 0 _aSınavlara hazırlık.
_974128
830 1 _aAlfa Yayınları ;
_v Sözlük ;
_v1737 41
_94057
907 _aSözlük
942 _2lcc
_cBK
999 _c39834
_d39834